Sports Quiz

Random Sports Quiz

PGA Championship venues since 1990 Quiz Stats

 Plays Quiz not verified by Sporcle

Challenge
Share
Tweet
Embed
Score 0/28 Timer 10:00
0 Plays Today
Year Venue % Correct
2015Whistling Straits
95.5%
2004Whistling Straits
95.5%
2010Whistling Straits
95.5%
1996Valhalla
81.8%
1999Medinah
81.8%
2000Valhalla
81.8%
2006Medinah
81.8%
2014Valhalla
81.8%
2001Atlanta
79.5%
2011Atlanta
79.5%
2008Oakland Hills
77.3%
2016Baltusrol
72.7%
1991Crooked Stick
72.7%
2003Oak Hill
72.7%
Year Venue % Correct
2005Baltusrol
72.7%
2013Oak Hill
72.7%
2002Hazeltine
70.5%
2009Hazeltine
70.5%
1994Southern Hills
68.2%
1997Winged Foot
68.2%
2007Southern Hills
68.2%
2012Kiawah Island
68.2%
2017Quail Hollow
65.9%
1993Inverness
59.1%
1998Sahalee
59.1%
1995Riviera
54.5%
1990Shoal Creek
50%
1992Bellerive
47.7%

You're not logged in!

Compare scores with friends on all Sporcle quizzes.
OR
Log In

You Might Also Like...

Show Comments

Extras

Created Jul 25, 2017ReportNominate
Tags:1990, Championship, PGA, venue

Top Quizzes Today


Score Distribution

Your Account Isn't Verified!

In order to create a playlist on Sporcle, you need to verify the email address you used during registration. Go to your Sporcle Settings to finish the process.

Report this User

Report this user for behavior that violates our Community Guidelines.

Details: